00705nam a2200169 a 450000500170000000800410001702000180005805000220007610000190009824500970011726000390021430000180025352000880027165000330035999900190039295201240041120140412111358.0060126s19uu xx 00 eng d a0-439-56078-0 aREF 030bP26 2004 aPascoe, Elaine aKids almanac :cby Elaine Pascoe, Deborah Kops and Jenifer Morse.bfacts, figure and stats / aNew York :bScholastic Inc,c2004. a352 p. ; ill. aAll the answers you need for your homework... and all the trivia you need for fun!. aTriviasxJuvenile literature c105429d105429 00104050aELbELcREFd2006-01-26eDonationg295.00l0oREF 030 P26 2004pE10132r2014-04-12 00:00:00w2014-04-12yBK